| 000 | 00415nam a2200133Ia 4500 | ||
|---|---|---|---|
| 008 | 151213s9999 xx 000 0 und d | ||
| 100 | _a‡gvnv¤§` †gvmv‡ÏK Avjx| | ||
| 245 |
_amgªw× I Dbœq‡Y evsjv‡`k _c‡gvnv¤§` †gvmv‡ÏK Avjx| |
||
| 260 |
_aXvKv _b‡gvnv¤§` †gvmv‡ÏK Avjx| _c2003 |
||
| 300 | _a1636 p. | ||
| 650 | _aFinance | ||
| 700 | _a‡gvnv¤§` †gvmv‡ÏK Avjx| | ||
| 999 |
_c1235 _d1235 |
||